| 000 | 00699nam a2200205 i 4500 | ||
|---|---|---|---|
| 001 | 140698 | ||
| 003 | ES-MaACL | ||
| 005 | 20250716062529.0 | ||
| 007 | t| | ||
| 008 | 070914s1948 sp ||||1| spa d | ||
| 080 | _a821.111 | ||
| 100 | 1 |
_aShakespeare, William, _d1564-1616 _9105992 |
|
| 245 | 1 | 4 |
_aLes drames historiques et les poèmes lyriques / _cWilliam Shakespeare ; nouvelle traduction française avec remarques et notes par Pierre Massiaen. |
| 260 |
_aParis : _bDesclée, De Brouwer, _c[1947] |
||
| 300 |
_a1532 p. ; _c18 cm. |
||
| 500 | _aBiblioteca Jacinto Martinez Lacalle. | ||
| 700 | 1 |
_aMessiaen, Pierre. _980685 |
|
| 852 |
_aES-MaACL _jE-12132 _bR.140073 |
||
| 999 |
_c140698 _d140698 |
||